Statistics for Lalaloopsy Dolls

Click here to take the quiz!

General Stats

  • This quiz has been taken 19 times
  • The average score is 54 of 156

Answer Stats

Answer% Correct
Jewel Sparkles
91%
Ace Fender Bender
73%
Bea Spells-a-Lot
73%
Berry Jars 'N' Jam
73%
Crumbs Sugar Cookie
73%
Dot Starlight
73%
Marina Anchors
73%
Mittens Fluff 'N' Stuff
73%
Peanut Big Top
73%
Pillow Featherbed
73%
Spot Splatter Splash
73%
Sunny Side Up
73%
Charlotte Charades
64%
Forest Evergreen
64%
Pix E. Flutters
64%
Anna Double Scoops
55%
Blossom Flowerpot
55%
Candle Slice O' Cake
55%
Cinder Slippers
55%
Coral Sea Shells
55%
Dyna Might
55%
Haley Galaxy
55%
Ivory Ice Crystals
55%
Mango Tiki Wiki
55%
Misty Mysterious
55%
Pickles B.L.T.
55%
Rosy Bumps 'N' Bruises
55%
Sahara Mirage
55%
Scoops Waffle Cone
55%
Snowy Fairest
55%
Storm E. Sky
55%
Suzette La Sweet
55%
Toasty Sweet Fluff
55%
Alice in Lalaloopsyland
45%
Bubbles Smack 'N' Pop
45%
Cake Dunk 'N' Crumble
45%
Candy Broomsticks
45%
Cherry Crisp Crust
45%
Cloud E. Sky
45%
Dotty Gale Winds
45%
Ember Flicker Flame
45%
Feather Tell-a-Tale
45%
Little Bah Peep
45%
Mari Golden Petals
45%
Peggy Seven Seas
45%
Pepper Pots 'N' Pans
45%
Peppy Pom Poms
45%
Prince Handsome
45%
Pumpkin Candle Light
45%
Sugar Fruit Drops
45%
Tippy Tumblelina
45%
Twist E. Twirls
45%
Wacky Hatter
45%
April Sunsplash
36%
Bun Bun Sticky Icing
36%
Confetti Carnivale
36%
Cotton Hoppalong
36%
Dollop Light 'N' Fluffy
36%
Fancy Frost 'N' Glaze
36%
Furry Grrs-a-Lot
36%
Harmony B. Sharp
36%
Jelly Wiggle Jiggle
36%
Kat Jungle Roar
36%
Keys Sharps 'N' Flats
36%
Kitty B. Brave
36%
Lady Stillwaiting
36%
Mint E. Stripes
36%
Pearly Seafoam
36%
Pita Mirage
36%
Prairie Dusty Trails
36%
Scraps Stitched 'N' Sewn
36%
Sprinkle Spice Cookie
36%
Squirt Lil Top
36%
Sticks Boom Crash
36%
Strings Pick 'N' Strum
36%
Teddy Honey Pots
36%
Trinket Sparkles
36%
Whirly Stretchy Locks
36%
Winter Snowflake
36%
Baley Sticks N. Straws
27%
Blanket Featherbed
27%
Bluebell Dewdrop
27%
Boo Scaredy Cat
27%
Bundles Snuggle Stuff
27%
Choco Whirl Swirl
27%
Curls 'N' Locks
27%
Fluffy Pouncy Paws
27%
Frost I.C. Cone
27%
Happy Daisy Crown
27%
Holly Sleighbells
27%
June Seashore
27%
Kiwi Tiki Wiki
27%
Lucky Lil' Bug
27%
Mimi La Sweet
27%
Pete R. Canfly
27%
Pizza Cutie Pie
27%
Queenie Red Heart
27%
Scarlet Riding Hood
27%
Scribbles Splash
27%
Sherri Charades
27%
Sir Battlescarred
27%
Smile E. Wishes
27%
Specs Reads-a-Lot
27%
Star Magic Spells
27%
Sweetie Candy Ribbon
27%
Tinny Ticker
27%
Tuffet Miss Muffet
27%
Water Mellie Seeds
27%
Allegra Leaps 'N' Bounds
18%
Beauty Fairest
18%
Bijou Treasure Trove
18%
Bouncer Fluffy Tail
18%
Bow Bah Peep
18%
Charms Seven Carat
18%
Crumpet Hearts
18%
Dazzle 'N' Gleam
18%
Goldie Luxe
18%
Laguna Sea Splash
18%
May Little Spring
18%
Mona Arch Wings
18%
Noelle Northpole
18%
Patty Burgers 'N' Buns
18%
Petal Flowerpot
18%
Rosebud Longstem
18%
Spoons Waffle Cone
18%
Sprouts Sunshine
18%
Stumbles Bumps 'N' Bruises
18%
Swirly Figure Eight
18%
Tiny Might
18%
Toffee Cocoa Cuddles
18%
Trace E. Doodles
18%
Tricky Mysterious
18%
Yuki Kimono
18%
Autumn Spice
9%
Blush Pink Pastry
9%
Cape Riding Hood
9%
Cherie Prim 'N' Proper
9%
Darling Brightside
9%
Fries Curls 'N' Crinkles
9%
Grapevine Stripes
9%
Pina Tropi-Callie
9%
Plum Flitter Flutter
9%
Ribbon Slippers
9%
Royal T. Honey Stripes
9%
Seed Sunburst
9%
Sweater Snowstorm
9%
Tangerine Citrus Zest
9%
Tart Berry Basket
9%
Trouble Dusty Trails
9%
Twinkle N. Flutters
9%
Twisty Tumblelina
9%
Valentina Hugs 'n' Kisses
9%
Velvet B. Mine
9%
Whiskers Lion's Roar
9%
Whistle Kick 'N' Score
9%
Clarity Glitter Glaze
0%

Score Distribution

Percentile by Number Answered

Percent of People with Each Score

Your Score History

You have not taken this quiz